| 000 | 00430nam a22001577a 4500 | ||
|---|---|---|---|
| 005 | 20250716152633.0 | ||
| 008 | 250716b |||||||| |||| 00| 0 eng d | ||
| 020 | _a978-0-545-08745-2 | ||
| 100 | _aBRUNN, PETER | ||
| 245 | _aTHE LESSON PLANNING HANDBOOK | ||
| 260 |
_aNEW YORK _bSCHOLASTIC INC. |
||
| 300 | _a112P. | ||
| 500 | _aINCLUDES BIBLIOGRAPHICAL REFERENCES | ||
| 650 | _aLESSON PLANNING -HANDBOOK | ||
| 942 |
_2lcc _cBK |
||
| 999 |
_c215903 _d215903 |
||